00537nam a22001097a 4500040000800000082002600008100001500034245031600049260002600365300002200391856001400413 cRUA aAGR LY 2001 B027 Or.1 aLY, DARITH aadoption behavior of the farmers on agricultural technologies ini kompong thom province ( សិក្សាពីចរិកសក្ខណៈកសិករក្នុងការទទួលយកបច្ចេកវិទ្យាកសិកម្មក្នុងខេត្ត កំពង់ធំ) aPhnom PenhbRUAc2001 a34p.bill.c29cm. uLY DARITH